| 000 | 00917nam a2200193 4500 | ||
|---|---|---|---|
| 001 | 3505 | ||
| 005 | 20181127171343.0 | ||
| 010 | 0 | 0 | _a |
| 020 | 0 | 0 | _a9789291152544 |
| 090 | 0 | 0 | _a333.75095496 I16v 2012 |
| 100 | 0 | 0 | _aPant, Krishna Prasad. |
| 245 | 0 | 0 |
_aValue of forest ecosystem services : A quantitative estimation from the Kangchenjunga landscape in eastern Nepal / _b _cKrishna Prasad Pant, Golam Rasul, Nakul Chettri, Kamal Raj Rai, Eklabya Sharma. _h |
| 260 | 0 | 0 |
_aKathmandu : _bICIMOD, _c2012. |
| 300 | 0 | 0 | _a20 p. : col. ill. ; 30 cm. |
| 500 | 0 | 0 | _a |
| 650 | 0 | 0 |
_aEcosystem management. _x |
| 650 | 0 | 0 |
_aForest management --Nepal. _x |
| 856 |
_a _uhttp://lib.icimod.org/record/27745/files/icimod-value_of_forest_ecosystem_services_a_quantitative_estimation_from_the_kangchenjunga_landscape_in_eas.pdf _yValue of forest ecosystem services : A quantitative estimation from the Kangchenjunga landscape in eastern Nepal _z _3 |
||
| 999 |
_c2846 _d2846 |
||